000 00363nam a22001577a 4500
003 OSt
008 231230b |||||||| |||| 00| 0 eng d
020 _a9780070635463
082 _a005.43 DAU
100 _aDAS,Sumitabha
245 _aUnix: Concepts and Applications
250 _a4th Ed
260 _aNew Delhi
_bTMH
_c2006
300 _a671
942 _2ddc
_cBK
999 _c12134
_d12134